[Event "DOM-ch"]
[Site "Santo Domingo"]
[Date "2023.02.25"]
[Round "2"]
[White "Reyes Gonzalez, Joel Kennedy"]
[Black "Polanco Nunez, Yoel Estarling"]
[Result "1/2-1/2"]
[WhiteElo "1990"]
[BlackElo "2195"]
[PlyCount "63"]
[EventDate "2023.02.24"]
[EventType "swiss"]
[EventRounds "11"]
[EventCountry "DOM"]
[SourceTitle "CBM 213 Extra"]
[Source "ChessBase"]
[SourceDate "2023.05.31"]
[SourceVersion "1"]
[SourceVersionDate "2023.05.31"]
[SourceQuality "1"]

1. e4 c5 2. b4 cxb4 3. Nf3 Nf6 4. e5 Nd5 5. c4 bxc3 6. Nxc3 Nxc3 7. dxc3 Nc6 8. Qb3 Qa5 9. Bf4 e6 10. Bd3 g5 11. Nxg5 Nxe5 12. Qc2 Nxd3+ 13. Qxd3 Bg7 14. 0-0 Qxc3 15. Qd6 Qd4 16. Qc7 Qb6 17. Qc1 0-0 18. Qc2 f5 19. Rad1 d5 20. Qe2 Qd8 21. Qh5 h6 22. Nf3 Qe8 23. Qh4 Qg6 24. Ne5 Bxe5 25. Bxe5 Qg5 26. Qd4 f4 27. f3 Bd7 28. Rc1 Bc6 29. Kh1 Rf5 30. Rce1 Kh7 31. Rg1 Qh5 32. Bxf4 1/2-1/2